| 000 | 00329nam a2200145Ia 4500 | ||
|---|---|---|---|
| 008 | 230312s9999||||xx |||||||||||||| ||und|| | ||
| 020 | _a81-312-2578-3 | ||
| 082 |
_a610 _bDAV |
||
| 245 | 0 | _aDavidson'sMedicine | |
| 260 |
_bElsevier _aIndia _c2010 |
||
| 300 | _a1360 | ||
| 546 | _aEng. | ||
| 650 |
_aMedical _vMedicine |
||
| 942 | _cBK | ||
| 999 |
_c5423 _d5423 |
||